000 00712nam a2200205 a 4500
008 951213s1975||||[C 0 slo c
020 _c15,50 Kčs.
_q(4890 výtl.)
040 _aSNK
_bslo
_cSNK
_eAACR2
041 1 _aslo
_hslo
044 _axo
_cSK
080 _a77.01/.02+771.5(075.3)
080 _a771.5(075.3)
100 1 _aAbsolon, Ľudovít
_4aut
245 1 0 _aFotografia 2
_bNáuka o materiáli pre 1., 2. a 3. ročník odborných učilíšť a učňovských škôl, učebný odbor fotograf
_cĽudovít Absolon
250 _a4., nezm. vyd.
260 _aBratislava
_bSPN
_c1975
_ePrešov
_fDuklianske tlačiarne
300 _a255 s., 15,27 AH
_bTb. Fot. Grafy. Sch.
_c21 cm
500 _aReg.
958 _aA
999 _c14915
_d14915